export_success — 

MAKING IT AMERICA : A 12-Point Plan for Growing Your Business and Keeping Jobs at Home

Bibliographic Details
Main Author: Bassett, John D., III, 1937- (Author)
Other Authors: Henican, Ellis
Format: Book
Language:English
Published: New York: Center Street, 2016.
Edition:First edition.
Subjects:
LEADER 00868cam a2200253 7i4500
001 0000034327
005 20170529090000.0
007 ##ta
008 170529s2016 nyu 000 0 eng d
020 # # |a 9781455563555  
040 # # |a MATR 
090 0 0 |a USA 658.4092   |b BAS 
100 1 # |a Bassett, John D.,   |c III,   |d 1937-   |e author  
245 1 0 |a MAKING IT AMERICA :   |b A 12-Point Plan for Growing Your Business and Keeping Jobs at Home   |c John Bassett & Ellis Henican. 
250 0 0 |a First edition. 
264 # 1 |a New York:   |b Center Street,   |c 2016. 
300 # # |a pages:   |b illustrations;   |c cm. 
336 # # |a text  |2 rdacontent 
337 # # |a unmediated  |2 rdamedia 
338 # # |a volume  |2 rdacarrier 
610 2 0 |a Vaughan-Bassett Furniture Company  
650 # 0 |a Leadership --   |z United States  
700 1 # |a Henican, Ellis  
999 |a 0000038520  |b Book  |c Countries  |e Business Information Centre